06496nas a2200517 a 4500001001000000003000400010005001700014008004100031040003000072043000900102245005300111260011400164300002400278310001800302362004500320500005900365500003500424650007400459651005300533700003300586710011600619942001500735952023300750952023800983952023801221952023301459952023801692952023801930952023802168952023802406952023302644952023802877952023803115952023803353952023303591952023803824952023804062952023804300952023804538952023304776952023805009952023805247952023805485952023805723999001705961000045908DLC20240903101731.0150526c19809999dr tr1pddd z0 z0spa d aDO-SdBNPbspacBNPHUerda anwdr00aScriptura :brevista del departamento de letras. aSanto Domingo :bDepartamento de letras de la facultad de humanidades de la UASD.,c1980fTalleres de la UASD av. :bil. ;c28 cm. aCuatrimestral1 aInicia con: año.1:no.1(octubre, 1980). aCatalogación basada en: año.1:no.1(octubre, 1980). aEditor: Enrique Eusebio, 1980.04aLiteraturavPUBLICACIONES PERIÓDICASzRepública Dominicana958834 4aRepública DominicanavREVISTA LITERARIA9739761 aEusebio, Enriqueeed.9272132 aDepartamento de Letras de la Facultad de Humanidades de la Universidad Autónoma de Santo Domingo.eed.973977 2ddccISSUE 00103No se presta718SEaPDbPDcREd2015-05-26e4haño.1:no.1(1980:oct.)i198010301980103020150526l0o1p45908-1-1-1r2020-08-08w2020-08-08yISSUEzPerteneció a la biblioteca personal de Federico Henríquez y Carvajal. 00103No se presta718SEaPDbPDcREd2015-05-26e4haño.1:no.1:Ej.2(1980:oct.)i198010301980103020150526l0o1p45908-1-1-2r2020-08-08w2020-08-08yISSUEzPerteneció a la biblioteca personal de Federico Henríquez y Carvajal. 00103No se presta718SEaPDbPDcREd2015-05-26e4haño.1:no.1:Ej.3(1980:oct.)i198010301980103020150526l0o1p45908-1-1-3r2020-08-08w2020-08-08yISSUEzPerteneció a la biblioteca personal de Federico Henríquez y Carvajal. 00103No se presta718SEaPDbPDcREd2015-05-26e4haño.1:no.2(1981:ene.)i198101301981013020150526l0o2p45908-1-2-1r2020-08-08w2020-08-08yISSUEzPerteneció a la biblioteca personal de Federico Henríquez y Carvajal. 00103No se presta718SEaPDbPDcREd2015-05-26e4haño.1:no.2:Ej.2(1981:ene.)i198101301981013020150526l0o2p45908-1-2-2r2020-08-08w2020-08-08yISSUEzPerteneció a la biblioteca personal de Federico Henríquez y Carvajal. 00103No se presta718SEaPDbPDcREd2015-05-26e4haño.1:no.2:Ej.3(1981:ene.)i198101301981013020150526l0o2p45908-1-2-3r2020-08-08w2020-08-08yISSUEzPerteneció a la biblioteca personal de Federico Henríquez y Carvajal. 00103No se presta718SEaPDbPDcREd2015-05-26e4haño.1:no.2:Ej.4(1981:ene.)i198101301981013020150526l0o2p45908-1-2-4r2020-08-08w2020-08-08yISSUEzPerteneció a la biblioteca personal de Federico Henríquez y Carvajal. 00103No se presta718SEaPDbPDcREd2015-05-26e4haño.1:no.2:Ej.5(1981:ene.)i198101301981013020150526l0o2p45908-1-2-5r2020-08-08w2020-08-08yISSUEzPerteneció a la biblioteca personal de Federico Henríquez y Carvajal. 00103No se presta718SEaPDbPDcREd2015-05-26e4haño.1:no.3(1981:abr.)i198104301981043020150526l0o3p45908-1-3-1r2020-08-08w2020-08-08yISSUEzPerteneció a la biblioteca personal de Federico Henríquez y Carvajal. 00103No se presta718SEaPDbPDcREd2015-05-26e4haño.1:no.3:Ej.2(1981:abr.)i198104301981043020150526l0o3p45908-1-3-2r2020-08-08w2020-08-08yISSUEzPerteneció a la biblioteca personal de Federico Henríquez y Carvajal. 00103No se presta718SEaPDbPDcREd2015-05-26e4haño.1:no.3:Ej.3(1981:abr.)i198104301981043020150526l0o3p45908-1-3-3r2020-08-08w2020-08-08yISSUEzPerteneció a la biblioteca personal de Federico Henríquez y Carvajal. 00103No se presta718SEaPDbPDcREd2015-05-26e4haño.1:no.3:Ej.4(1981:abr.)i198104301981043020150526l0o3p45908-1-3-4r2020-08-08w2020-08-08yISSUEzPerteneció a la biblioteca personal de Federico Henríquez y Carvajal. 00103No se presta718SEaPDbPDcREd2015-05-26e4haño.1:no.4(1981:jul.)i198107301981073020150526l0o4p45908-1-4-1r2020-08-08w2020-08-08yISSUEzPerteneció a la biblioteca personal de Federico Henríquez y Carvajal. 00103No se presta718SEaPDbPDcREd2015-05-26e4haño.1:no.4:Ej.2(1981:jul.)i198107301981073020150526l0o4p45908-1-4-2r2020-08-08w2020-08-08yISSUEzPerteneció a la biblioteca personal de Federico Henríquez y Carvajal. 00103No se presta718SEaPDbPDcREd2015-05-26e4haño.1:no.4:Ej.3(1981:jul.)i198107301981073020150526l0o4p45908-1-4-3r2020-08-08w2020-08-08yISSUEzPerteneció a la biblioteca personal de Federico Henríquez y Carvajal. 00103No se presta718SEaPDbPDcREd2015-05-26e4haño.1:no.4:Ej.4(1981:jul.)i198107301981073020150526l0o4p45908-1-4-4r2020-08-08w2020-08-08yISSUEzPerteneció a la biblioteca personal de Federico Henríquez y Carvajal. 00103No se presta718SEaPDbPDcREd2015-05-26e4haño.1:no.4:Ej.5(1981:jul.)i198107301981073020150526l0o4p45908-1-4-5r2020-08-08w2020-08-08yISSUEzPerteneció a la biblioteca personal de Federico Henríquez y Carvajal. 00103No se presta718SEaPDbPDcREd2015-05-26e4haño.2:no.5(1981:oct.)i198110301981103020150526l0o5p45908-2-5-1r2020-08-08w2020-08-08yISSUEzPerteneció a la biblioteca personal de Federico Henríquez y Carvajal. 00103No se presta718SEaPDbPDcREd2015-05-26e4haño.2:no.5:Ej.2(1981:oct.)i198110301981103020150526l0o5p45908-2-5-2r2020-08-08w2020-08-08yISSUEzPerteneció a la biblioteca personal de Federico Henríquez y Carvajal. 00103No se presta718SEaPDbPDcREd2015-05-26e4haño.2:no.5:Ej.3(1981:oct.)i198110301981103020150526l0o5p45908-2-5-3r2020-08-08w2020-08-08yISSUEzPerteneció a la biblioteca personal de Federico Henríquez y Carvajal. 00103No se presta718SEaPDbPDcREd2015-05-26e4haño.2:no.5:Ej.4(1981:oct.)i198110301981103020150526l0o5p45908-2-5-4r2020-08-08w2020-08-08yISSUEzPerteneció a la biblioteca personal de Federico Henríquez y Carvajal. 00103No se presta718SEaPDbPDcREd2015-05-26e4haño.2:no.5:Ej.5(1981:oct.)i198110301981103020150526l0o5p45908-2-5-5r2020-08-08w2020-08-08yISSUEzPerteneció a la biblioteca personal de Federico Henríquez y Carvajal. c45397d45397